Kendi Kalemini Kıranlar Türk Edebiyatında İntihar (Record no. 1967)

000 -LEADER
fixed length control field 00473nam a22001697a 4500
008 - FIXED-LENGTH DATA ELEMENTS--GENERAL INFORMATION
fixed length control field 170612b xxu||||| |||| 00| | tur d
020 ## - INTERNATIONAL STANDARD BOOK NUMBER
International Standard Book Number 9789756446966
041 ## - LANGUAGE CODE
Language code of text/sound track or separate title Türkçe
050 ## - LIBRARY OF CONGRESS CALL NUMBER
Classification number PL210.S85
100 ## - MAIN ENTRY--PERSONAL NAME
9 (RLIN) 1038
Personal name Cemile Sümeyra
245 ## - TITLE STATEMENT
Title Kendi Kalemini Kıranlar Türk Edebiyatında İntihar
260 ## - PUBLICATION, DISTRIBUTION, ETC.
Place of publication, distribution, etc. İstanbul
Name of publisher, distributor, etc. Şule Yayınları
Date of publication, distribution, etc. Ekim 2007
300 ## - PHYSICAL DESCRIPTION
Extent 197 sayfa
500 ## - GENERAL NOTE
General note Şule Yayınları: 305
650 #0 - SUBJECT ADDED ENTRY--TOPICAL TERM
9 (RLIN) 145
Topical term or geographic name entry element Türk Edebiyatı
942 ## - ADDED ENTRY ELEMENTS (KOHA)
Source of classification or shelving scheme
Koha item type Books
Holdings
Withdrawn status Lost status Source of classification or shelving scheme Damaged status Not for loan Permanent Location Current Location Shelving location Date acquired Full call number Barcode Date last seen Price effective from Koha item type
        Ödünç verilemez İmren Ahmet Tüzün Kütüphanesi İmren Ahmet Tüzün Kütüphanesi Ahmet Tüzün 2018-03-09 PL210.S85 100100001932 2018-03-09 2018-03-09 Books

This software was implemented, installed and managed by Devinim Software Training Consulting .